Zlato počas krízy

Pohľad na vývoj ceny zlata. Zlato ako diverzifikátor.

Na minha lista:
Detalhes bibliográficos
Autor principal: Bindzár, Tomáš
Formato: Capítulo de Livro
Idioma:eslovaco
Assuntos:
Tags: Adicionar Tag
Sem tags, seja o primeiro a adicionar uma tag!

MARC

LEADER 00000naa a2200000 4500
001 0127315
005 20230831115108.9
041 0 |a slo 
044 |a SK 
245 1 0 |a Zlato počas krízy  |c Tomáš Bindzár 
520 |a Pohľad na vývoj ceny zlata. Zlato ako diverzifikátor. 
610 2 0 |a kríza finančná 
610 2 0 |a zlato 
610 2 0 |a štandard zlatý 
610 2 0 |a banky 
610 2 0 |a trh finančný 
100 1 |a Bindzár, Tomáš